000 00931nam a22002657a 4500
999 _c18764
_d18764
003 AR-CdUCM
008 190415b ||||| |||| 00| 0 spa d
040 _aMUNICIPALIDAD PROVINCIAL DEL CUSCO
_cBIBLIOTECA MUNICIPAL DEL CUSCO
082 _a398.61 /
_bC19
100 _aCalvo C, Rossano
_939546
245 _aFolklore urbano del Qosqo /
260 _aCusco :
_c1992.
_bMercantil,
300 _a216 paginas ;
_c25 cm.
440 _aMunicipalidad del Qosqo
_939547
505 _aContenido : Qosqo y su mundo supersticioso -- Semana santa y el sr. de los temblores -- Navidad y el nacimiento cusqueño...
650 _aTradiciones cusqueñas
_931110
650 _aSupersticiones
_939548
650 _aKaperos y musicos
_939549
650 _asastres y costureras
_939550
700 _aRoca W, Demetrio
_937878
700 _aEscobar, Gloria
_922345
700 _aHuayhuaca V, Luis
_95540
942 _2ddc
_cLIBROS
945 _arcc